000 00508nam a2200181 i 4500
001 140766
003 ES-MaACL
005 20240516063049.0
007 t|
008 070917s1911 xxk ||||1| eng d
100 0 _aWells, H. G.,
_d1866-1946
_9116458
245 1 0 _aMankind in the making /
_cH. G. Wells.
250 _a5 th. and cheaper ed.
260 _aLondon :
_bChapman and Hall,
_c1911.
300 _aVIII, 427 p. ;
_c20 cm.
852 _aES-MaACL
_jF-2402
999 _c140766
_d140766